Webster's New Collegiate Dictionary.

保存先:
書誌詳細
フォーマット: 図書
出版事項: G. and C. Merriam Co 1956
タグ: タグ追加
タグなし, このレコードへの初めてのタグを付けませんか!
Thư viện lưu trữ: Mạng thư viện Đại học Đà Nẵng
LEADER 00483nam a2200205 a 4500
001 000030360
003 12488
005 20171030145630.0
008 171030s1956
040 |a LTT 
082 0 |a 423  |b We-N 
245 0 0 |a Webster's New Collegiate Dictionary. 
260 |b G. and C. Merriam Co  |c 1956 
OWN |a LTT 
999 |a From the UDN01 
TYP |a Monograph 
TYP |a Printed language 
980 |a Mạng thư viện Đại học Đà Nẵng